00246nam a2200109Ia 4500008004100000100001400041245004100055260000900096300000900105942000700114999001500121190216s9999||||xx |||||||||||||| ||und|| aGupta R D 0aCost Accounting Methods And Problems bNull a780p cBK c4043d4043